[Event "Olympiad-27"]
[Site "Dubai"]
[Date "1986.11.29"]
[Round "13"]
[White "Stull, Norbert"]
[Black "Mirza, Shahzad"]
[Result "0-1"]
[WhiteElo "2275"]
[BlackElo "2310"]
[PlyCount "120"]
[EventDate "1986.11.15"]
[EventType "team-swiss"]
[EventRounds "14"]
[EventCountry "UAE"]
[SourceTitle "TD"]
[Source "ChessBase"]
[SourceDate "1994.03.01"]
[SourceVersion "1"]
[SourceVersionDate "1994.03.01"]
[SourceQuality "1"]
[WhiteTeam "Luxembourg"]
[BlackTeam "Pakistan"]
[WhiteTeamCountry "LUX"]
[BlackTeamCountry "PAK"]

1. d4 Nf6 2. c4 e6 3. Nf3 b6 4. g3 Bb7 5. Bg2 Bb4+ 6. Bd2 Qe7 7. 0-0 Bxd2 8. Qxd2 0-0 9. Nc3 d6 10. Rfe1 Nbd7 11. e4 Rfd8 12. Nh4 Ne8 13. f4 c5 14. d5 e5 15. Nf5 Qf8 16. Rf1 g6 17. Ne3 Qe7 18. Kh1 Nef6 19. Rf2 Nh5 20. f5 Qg5 21. Raf1 Ndf6 22. Qe2 Bc8 23. Rf3 Bd7 24. Qf2 Ng4 25. Nxg4 Qxg4 26. Qe3 gxf5 27. exf5 Nf6 28. h3 Qh5 29. Kg1 Kh8 30. g4 Qh4 31. g5 Nh5 32. Ne4 Be8 33. Nxd6 f6 34. Ne4 Bf7 35. gxf6 Nf4 36. Rg3 Rg8 37. Rff3 Bh5 38. Nd6 Qxf6 39. Ne4 Qxf5 40. Rf2 Rxg3 41. Nxg3 Qg5 42. Kh2 Rg8 43. Be4 Bg6 44. Bf5 Rf8 45. Bxg6 hxg6 46. Ne4 Qe7 47. Qg3 Kg7 48. Qg4 Rh8 49. d6 Nxh3 50. Kg2 Nxf2 51. Kxf2 Qf7+ 52. Kg2 Qf5 53. Kg3 Kf7 54. Ng5+ Kf6 55. Ne4+ Ke6 56. Ng5+ Kd7 57. Ne4 Rf8 58. Qe2 Qf4+ 59. Kg2 Rh8 60. Ng3 Rh4 0-1